• 首页
  • 本馆介绍
  • 公告通知
  • 最新文献
  • 馆藏检索
  • 电子资源
  • 读者导购
  • 参考咨询
  • 我的图书馆
  • 登录
  • 详细信息显示
  • 放入我的书架
  • 预约/预借图书
  • 作者相关作品
  • 分类相关作品
  • 丛书相关作品
  • 出版社相关作品

书目信息

  • 表格格式
  • 工作单格式
  • 卡片格式
题名:
化学工程与工艺综合设计实验教程
    
 
作者: 孙晓然 , 谢全安 主编
分册:  
出版信息: 北京   冶金工业出版社  2004
页数: 85页
开本: 23cm
丛书名:
单 册:
中图分类: TQ016
科图分类:
主题词: 化学工程--工艺设计--实验--高等教育--教材 , 化学工程--化学实验--高等教育--教材
电子资源:
ISBN: 7-5024-3479-8
000 01324nam0 2200349 450
000 01287nam0 2200337 450
000 01285nam0 2200349 450
000 01231nam0 2200325 450
000 01293nam0 2200313 450
000 01256nam0 2200301 45
001 TS-198268
005 20061209084936.84
010    @a7-5024-3479-8@dCNY12.00
100    @a20060829d2004 em y0chiy0110 ea
101 0  @achi
102    @aCN@b110000
105    @aa a 000yy
200 1  @a化学工程与工艺综合设计实验教程@AHua Xue Gong Cheng Yu Gong Yi Zong He She Ji Shi Yan Jiao Cheng@f孙晓然,谢全安主编@FSun Xiao Ran, Xie Quan An Zhu Bian
210    @a北京@c冶金工业出版社@d2004@h2005年8月第2次印刷
215    @a85页@c图@d23cm
300    @a教育部新世纪高等教育教学改革工程课题研究成果
320    @a有书目
330    @a本书收入了相关综合实验与设计性实验共16个,对实验介绍了实验目的、实验原理、实验仪器与药品、实验步骤等,并介绍实验仪器。
606 0  @a化学工程@x工艺设计@x实验@x高等教育@x教材
606 0  @a化学工程@x化学实验@x高等教育@x教材
690    @aTQ016@v4
701  0 @a孙晓然@ASun Xiao Ran@4主编
701  0 @a谢全安@AXie Quan An@4主编
801  0 @aCN@b中图数据@c20061209
905    @a10447@dTQ016@e101
    
    化学工程与工艺综合设计实验教程/孙晓然,谢全安主编.-北京:冶金工业出版社,2004(2005年8月第2次印刷)
    85页:图;23cm
    教育部新世纪高等教育教学改革工程课题研究成果
    
    ISBN 7-5024-3479-8:CNY12.00
    本书收入了相关综合实验与设计性实验共16个,对实验介绍了实验目的、实验原理、实验仪器与药品、实验步骤等,并介绍实验仪器。
●
相关链接 在E读中查询图书 在五车中查询图书 在当当中查询图书 在豆瓣中查询图书


正题名:化学工程与工艺综合设计实验教程     索取号:TQ016/101         预约/预借

序号 登录号 条形码 馆藏地/架位号 状态 备注
1 0610597   206105971   第二样本阅览室/ [索取号:TQ016/101] 在馆    
2 0610598   206105980   第三借阅区/ [索取号:TQ016/101] 在馆    
3 0610599   206105999   第三借阅区/ [索取号:TQ016/101] 在馆    
4 0610600   206106006   密集书库/ [索取号:TQ016/101] 在馆    
5 0610601   206106015   密集书库/ [索取号:TQ016/101] 在馆    
6 0610602   206106024   密集书库/ [索取号:TQ016/101] 在馆    
7 0610603   206106033   密集书库/ [索取号:TQ016/101] 在馆    
8 0610604   206106042   第三借阅区/ [索取号:TQ016/101] 在馆    
9 0610605   206106051   第三借阅区/ [索取号:TQ016/101] 在馆    
唐山师范学院图书馆 欢迎您!
大连网信软件有限公司© 版权所有